000 00311nam a2200121Ia 4500
008 220214s9999 xx 000 0 und d
100 _aOng SH
245 0 _aUtilization of Hevea genetic resources in the RRIM
260 _bMalaysian Applied Biology
_c1987
300 _a145-155
700 _aTan H
942 _cRE
999 _c45729
_d45729